00717nam a22001577a 450000500170000000800410001704000270005804100080008504400070009324501730010026000600027330000810033365000600041465000680047471000170054220151127020913.0151127b ck ||||br|||| 00| 0 spa d aCO-BoIAVH cCO-BoIAVH 0 aspa ack10aEstrategia pedagógica en educación ambiental desde la cosmovisión de los pueblos afrocolombianos, municipio de Dibulla, La Guajira:bLas historias del viejo Lucho3 aColombia?:bCorpoguajira,bFundación Guajira,c2015?. a23 páginas :bilustraciones, fotografías y tablas a color ;c28 x 22 cm. 6aEducación ambientalzGuajira (Departamento, Colombia) 6aBiodiversidadxConservaciónzGuajira (Departamento, Colombia)2 aCorpoguajira